00605 2200205 4500001002100000005001500021035002000036007000300056008004100059020002200100082002600122084003200148100001100180245004600191250001900237260006500256300002500321650002700346650002600373INLIS00000000000002120250710112614 a0010-0725000021ta250710 a 0 ind  a978-623-307-350-9 aPB 398.209. 598 RAM b aPB 398.209. 598 RAM b RAM b1 aRamesh1 aBintang di Langit Malam /cSandhya Ramesh aCetakan Pertam aRawamangun :bBadan Pengembangan dan Pembinaan Bahasa,c2022 a24 :bilus. ;c21 cm 4acerita anak-terjemahan 4aliterasi-bahan bacaan